000 00522nam a22001937a 4500
003 LK-CoMWRAF
005 20231017112629.0
008 231017b |||||||| |||| 00| 0 eng d
040 _aLK-CoMWRAF
_dLK-CoMWRAF
_eLK-CoMWRAF
041 _aeng
082 _a420
_bJES
100 _aJespersen, Otto
245 _aGrowth and structure of the English language
260 _aDelhi :
_bOxford University press,
_c1983
300 _avii, 264 p. 21 cm.
650 _aEnglish language--History.
700 _eact.
942 _cBK
999 _c3901
_d3901